00325 a2200133 450000100060000002000180000604000240002410000330004824000330008124500280011430000090014236200090015165000310016047363 a9788508145416 cAnchieta - Aquarius aNigro, Rogério Gonçalves10aEsperança é o bicholpor10aEsperança é o bicho a29p.0 a2014 4aLiteratura infanto-juvenil